[Event "BL 2017-18"]
[Site "Germany"]
[Date "2018.03.11"]
[Round "12"]
[White "Nisipeanu, Liviu-Dieter"]
[Black "Kindermann, Stefan"]
[Result "1/2-1/2"]
[WhiteElo "2681"]
[BlackElo "2502"]
[Annotator "TA"]
[PlyCount "56"]
[EventDate "2018.05.24"]
[EventType "team-tourn"]
[EventCountry "GER"]
[SourceTitle "playchess.com"]
[Source "ChessBase"]
[SourceQuality "1"]
[WhiteTeam "Dresden"]
[BlackTeam "Zugzwang Muenchen"]

{[%evp 14,56,6,0,0,-22,-16,-43,-20,-32,-30,-32,-7,-12,-11,-26,0,-10,-3,0,0,-12,-8,-29,-13,-22,0,0,-10,-18,0,0,0,0,0,0,14,0,4,18,0,-14,-14,-40,-30]} 1. c4 f5 2. Nc3 Nf6 3. g3 d6 4. Bg2 e5 5. d3 Be7 6. e4 c6 7. Nge2 O-O {A21: English Opening: 1...e5 2 Nc3} 8. O-O {LiveBook: 41 Games} (8. h3 fxe4 9. dxe4 Be6 10. b3 Nbd7 11. Be3 a6 12. a4 b5 13. axb5 axb5 14. Rxa8 Qxa8 15. cxb5 cxb5 {½-½ (56) Grischuk,A (2792)-Bartel,M (2641) Dubai 2014}) 8... Qe8 9. Qb3 Na6 $146 {The position is equal.} ({Find the theoretical novelty and annotate with similar games:} 9... Qg6 10. c5+ Kh8 11. cxd6 Bxd6 12. exf5 Qxf5 13. Ne4 Bc7 14. Ng5 Qg6 15. Nc3 {1-0 (36) Karlsson,M (2138)-Bjarnason,V (1895) Reykjavik 2015}) 10. c5+ Kh8 11. cxd6 Bxd6 12. exf5 Nc5 13. Qc2 $1 Bxf5 14. Ne4 Nfxe4 15. dxe4 Bg4 16. f3 Bh5 17. Be3 Ne6 18. Nc1 {[%cal Be2c1,Bc1b3,Bb3d4,Bd4f5][%mdl 32]} Bc7 19. Nb3 Bb6 20. Bxb6 axb6 21. Qc3 Nc7 22. f4 exf4 23. gxf4 Qe7 24. Nd4 Rad8 25. Nf5 Qc5+ 26. Qxc5 bxc5 27. Rac1 Rd2 28. Ng3 Bf7 {Precision: White = 58%, Black = 68%.} 1/2-1/2

[Event "BL 2017-18"]
[Site "Germany"]
[Date "2018.03.11"]
[Round "12"]
[White "Van Wely, Loek"]
[Black "Ponomariov, Ruslan"]
[Result "1/2-1/2"]
[WhiteElo "2667"]
[BlackElo "2694"]
[Annotator "TA"]
[PlyCount "54"]
[EventDate "2018.05.24"]
[EventType "team-tourn"]
[EventCountry "GER"]
[SourceTitle "playchess.com"]
[Source "ChessBase"]
[SourceQuality "1"]
[WhiteTeam "Solingen"]
[BlackTeam "Hockenheim"]

{[%evp 25,54,27,26,25,29,24,32,0,16,0,13,8,26,22,33,14,37,0,0,-1,0,0,0,0,0,0,0,0,0,0,0]} 1. Nf3 d5 2. d4 Nf6 3. c4 dxc4 4. e3 e6 5. Bxc4 a6 6. O-O c5 7. dxc5 Bxc5 8. Qxd8+ Kxd8 9. Ne5 {D27: Queen's Gambit Accepted: Classical main line: 7 e4!? and 7 a4} Ke7 10. Be2 Nbd7 11. Nc4 b6 12. Nbd2 a5 13. Nb3 Ba6 {LiveBook: 5 Games} 14. Nxc5 bxc5 15. f3 Rhb8 {[#]} 16. Kf2 $146 ({Predecessor:} 16. Rf2 a4 {½-½ (24) Lenic,L (2646)-Caruana,F (2807) Tbilisi 2017}) 16... a4 17. e4 Rb4 18. b3 axb3 19. axb3 Rxb3 20. Be3 Rbb8 21. Nd2 Bxe2 {The position is equal.} 22. Kxe2 Ne8 23. Rxa8 $1 Rxa8 24. Rc1 Rc8 25. Nb3 c4 26. Na5 Nd6 27. Bd2 {And now Bb4 would win.} Ne5 {Precision: White = 52%, Black = 58%.} 1/2-1/2

[Event "BL 2017-18"]
[Site "Germany"]
[Date "2018.03.11"]
[Round "12"]
[White "Laznicka, Viktor"]
[Black "Ostrovskiy, Andrey"]
[Result "1-0"]
[WhiteElo "2657"]
[BlackElo "2438"]
[Annotator "TA"]
[PlyCount "79"]
[EventDate "2018.05.24"]
[EventType "team-tourn"]
[EventCountry "GER"]
[SourceTitle "playchess.com"]
[Source "ChessBase"]
[SourceQuality "1"]
[WhiteTeam "Schwaebisch Hall"]
[BlackTeam "Norderstedt"]

{[%evp 21,79,50,85,48,83,69,91,55,71,75,86,96,81,79,82,42,51,70,70,68,105,102,107,91,88,81,106,100,110,107,184,95,164,75,705,680,660,687,972,758,725,754,726,712,607,581,921,922,1150,1140,1132,869,12843,12843,12843,12843,12845,12844,12845,12841]} 1. d4 Nf6 2. c4 e6 3. Nc3 Bb4 4. e3 b6 5. Nge2 Ba6 6. Ng3 Bxc3+ 7. bxc3 d5 8. Qf3 O-O 9. cxd5 exd5 10. Bxa6 {E45: Nimzo-Indian: Rubinstein: 4...b6 5 Ne2 Ba6} Nxa6 11. Qe2 (11. O-O c5 12. Qe2 Nc7 13. f3 Re8 14. Bb2 Re6 15. Rae1 h5 16. Qf2 Qf8 17. e4 h4 {1-0 (29) Pein,M (2382)-Mastrovasilis,A (2510) Neos Marmaras 2012}) 11... Qc8 {LiveBook: 3 Games} 12. f3 {White is better.} c5 {And now ...cxd4 would win.} 13. O-O $1 Re8 14. Bd2 h5 15. Qd3 $1 c4 $146 ({Predecessor:} 15... Nc7 16. e4 h4 17. Nf5 dxe4 18. fxe4 Nxe4 {½-½ (26) Donner,J-Pachman,L Amsterdam 1967}) 16. Qc2 Qc6 17. Qf5 h4 18. Nh5 {Nxf6+ is the strong threat.} Nxh5 19. Qxh5 Nc7 20. Qxh4 Qg6 21. Rae1 Qc2 22. Rf2 Qxa2 23. e4 {Strongly threatening Qg3.} Qa4 24. e5 Qd7 25. g4 a5 {[#]} (25... b5 $16 {was worth a try.}) 26. Rg2 (26. Ref1 $1 $18) 26... b5 {[#]} (26... Qe7 $16 27. Qxe7 Rxe7) 27. Rg3 (27. f4 $1 $18 {is more deadly.}) 27... Ra6 $2 {[%mdl 8192]} (27... Qe7 $16 28. Qh5 g6) 28. Rh3 $18 {[%csl Gh3][%cal Rh4h8] White is clearly winning.} f6 29. f4 {[%cal Bf3f4,Bf4e5][%mdl 32]} fxe5 30. fxe5 {Threatens to win with Qh7+.} Rh6 31. Bxh6 gxh6 32. Qxh6 {White threatens Qh8+ and mate.} Qg7 33. Qb6 Re6 34. Qxa5 Ra6 35. Qb4 Rg6 36. Rg3 Rxg4 37. Ree3 Kh8 38. Qd6 Kh7 39. e6 {Qxc7! would kill now.} b4 40. Qd7 {Precision: White = 87%, Black = 24%.} 1-0

[Event "BL 2017-18"]
[Site "Germany"]
[Date "2018.03.11"]
[Round "12"]
[White "Meier, Georg"]
[Black "Svane, Rasmus"]
[Result "1-0"]
[WhiteElo "2648"]
[BlackElo "2587"]
[Annotator "TA"]
[PlyCount "101"]
[EventDate "2018.05.24"]
[EventType "team-tourn"]
[EventCountry "GER"]
[SourceTitle "playchess.com"]
[Source "ChessBase"]
[SourceQuality "1"]
[WhiteTeam "SF Deizisau"]
[BlackTeam "Hamburg SK"]

{[%evp 22,101,12,17,25,15,11,14,18,2,25,20,23,10,35,37,44,39,63,30,152,81,95,83,116,120,118,105,103,104,123,106,109,112,149,138,341,341,341,341,333,217,1105,458,676,657,774,733,901,842,6532,1372,29986,29987,29986,12839,12838,12837,12837,12838,12837,12835,12835,12835,12837,12838,12838,12839,12839,12839,12840,12840,12840,12839,12840,12840,12841,12841,12841,12842,12841,12842]} 1. c4 c6 2. d4 d5 3. cxd5 cxd5 4. Bf4 Nf6 5. Nc3 Nc6 6. e3 Bf5 7. Qb3 Na5 8. Qa4+ {D10: Slav Defence: 3 cxd5 (without early Nf3) and 3 Nc3} Bd7 9. Qc2 e6 10. Nf3 Be7 11. h3 Ne4 12. Bd3 {LiveBook: 4 Games} f5 13. Ne5 O-O 14. O-O Rc8 {[#]} 15. Bxe4 $146 ({Predecessor:} 15. Rac1 Nc6 16. Nxc6 Rxc6 17. Qe2 a6 18. f3 Nxc3 19. Rxc3 Rxc3 20. bxc3 b5 {½-½ (20) Jobava,B (2687)-Salgado Lopez,I (2627) Tbilisi 2017}) 15... dxe4 16. Rfd1 Bf6 17. Rac1 Qe7 18. Qd2 $36 {[%mdl 2048] White is more active.} b6 19. b4 Nb7 20. Qe2 Rfd8 (20... Bxe5 $11 {keeps the balance.} 21. dxe5 Bc6) 21. Qa6 (21. Nxd7 $142 Qxd7 22. Qa6) 21... Be8 22. Nb5 $1 {[%cal Rb5a7]} ({Weaker is} 22. Qxa7 Ra8 $17) 22... Bxb5 23. Qxb5 Nd6 24. Qa6 {Hoping for Nc6.} Bxe5 25. Rxc8 Nxc8 26. Bxe5 Nd6 27. Rc1 h6 28. a4 Nf7 $2 (28... Rd7 $16 {is a better defense.} 29. a5 Nf7) 29. Rc7 $18 Qxb4 30. Qxa7 Rf8 31. Kh2 Qb2 $2 {[#]} (31... Qa5 32. Bg3 Qxa7 33. Rxa7 Rc8) 32. Bg3 (32. Bd6 $142 $1 {[%mdl 512]} Qxf2 (32... Nxd6 33. Rxg7+) 33. Bxf8) 32... f4 (32... Qb4 $142 33. Rb7 Qa5 34. Qxb6 Qxb6 35. Rxb6 h5) 33. Bxf4 {And now Bd6! would win.} Qxf2 34. Qxb6 Qa2 35. a5 Ng5 36. Qb7 ({Inferior is} 36. Bxg5 Rf2 $11) 36... Rxf4 37. exf4 {[%mdl 4096] Endgame KQR-KQN} Qf2 38. Rxg7+ (38. fxg5 $142 Qxd4 39. Qc8+ Kh7 40. Qxe6 hxg5 41. Qf5+ Kh6 42. Rc6+ Qf6 43. Rxf6+ gxf6 44. Qxf6+ Kh7 45. a6) 38... Kh8 {White is clearly winning.} 39. Rxg5 hxg5 {KQ-KQ} 40. Qc8+ Kg7 41. Qc7+ Kg6 42. fxg5 e3 43. Qg3 $1 Qd2 44. Qe5 {Intending Qf6+ and mate.} Qf2 45. Qxe6+ Kxg5 46. Qe5+ Kh4 47. Qe4+ Kg5 48. a6 e2 {[#]} 49. a7 $1 {Threatening mate with Qg4+.} e1=Q {[#]} 50. Qxe1 $1 (50. Qg4+ {leads to mate.} Kh6 51. Qe6+ Qxe6 52. a8=Q Qd6+ 53. Kh1 Qf1#) 50... Qxe1 51. a8=Q {Precision: White = 69%, Black = 41%.} 1-0

[Event "BL 2017-18"]
[Site "Germany"]
[Date "2018.03.11"]
[Round "12"]
[White "Grandelius, Nils"]
[Black "Bluebaum, Matthias"]
[Result "1/2-1/2"]
[WhiteElo "2646"]
[BlackElo "2631"]
[Annotator "TA"]
[PlyCount "61"]
[EventDate "2018.05.24"]
[EventType "team-tourn"]
[EventCountry "GER"]
[SourceTitle "playchess.com"]
[Source "ChessBase"]
[SourceQuality "1"]
[WhiteTeam "Hamburg SK"]
[BlackTeam "SF Deizisau"]

{[%evp 23,61,5,12,0,0,-14,-14,-19,-12,-27,-20,-8,-43,-41,-16,-74,-79,-97,-87,-78,-81,-74,-36,-43,-59,-38,-74,-79,0,-9,-9,-21,0,0,0,0,0,0,0,0]} 1. d4 Nf6 2. c4 e6 3. Nf3 d5 4. Nc3 Bb4 5. Bg5 dxc4 6. e4 {[%cal Be2e4,Be4e5][%mdl 32]} h6 7. Bxf6 Qxf6 8. Bxc4 c5 9. O-O {D39: Queen's Gambit Declined: Ragozin Defence with 5 Bg5 dxc4} cxd4 10. e5 Qd8 11. Ne4 O-O 12. Qe2 Be7 {LiveBook: 7 Games} 13. Rfd1 {[#]} Qa5 $146 ({Predecessor:} 13... Qb6 14. Rxd4 Nc6 15. Rdd1 Rd8 16. Rxd8+ Qxd8 17. Rd1 Qc7 18. Nd6 Bd7 19. Nb5 Qc8 20. Nd6 Qc7 21. Nb5 Qc8 22. Nd6 {½-½ (22) Bacrot,E (2730)-Pelletier,Y (2578) Cap d'Agde 2013}) 14. Ng3 Rd8 15. Qe4 Nd7 $1 16. Bd3 {[#] White wants to mate with Qh7+.} Nf8 $1 17. Nh5 Bd7 {[%cal Bc8d7,Bd7c6,Bc6f3][%mdl 32]} 18. Qg4 {[%csl Gh5][%cal Rg4g7]} g6 19. Nf4 (19. Nf6+ $11 {remains equal.} Bxf6 20. exf6) 19... Bc6 $17 20. Bxg6 fxg6 ({Don't go for} 20... Nxg6 $2 21. Nxg6 Bc5 22. Ne7+ (22. Nxd4 Bxd4 23. Ne7+ Kf8 $14) 22... Kh7 23. Nxc6 $18) 21. Nxg6 Bxf3 $1 22. Nxe7+ Kf7 23. Qxf3+ Kxe7 24. Qf6+ Ke8 {Threatens to win with ...Rac8.} 25. Rd3 Rd7 ({Black should try} 25... Qc5 $17 {With the idea ...Rd7.} 26. Rf3 Rd7) 26. Rf3 $11 {[%csl Gf3][%cal Rf6f8] [#] The position is equal.} Qc5 {White must now prevent ...Rc8.} 27. Qxh6 Rc8 28. Qh5+ Kd8 29. Qg5+ Ke8 $1 {...Rg7! is the strong threat.} 30. Qh5+ Kd8 {( -> ...Qc1+!)} 31. Qg5+ {Precision: White = 54%, Black = 87%.} 1/2-1/2

[Event "BL 2017-18"]
[Site "Germany"]
[Date "2018.03.11"]
[Round "12"]
[White "McShane, Luke J"]
[Black "Anand, Viswanathan"]
[Result "1/2-1/2"]
[WhiteElo "2643"]
[BlackElo "2776"]
[Annotator "TA"]
[PlyCount "80"]
[EventDate "2018.05.24"]
[EventType "team-tourn"]
[EventCountry "GER"]
[SourceTitle "playchess.com"]
[Source "ChessBase"]
[SourceQuality "1"]
[WhiteTeam "Werder Bremen"]
[BlackTeam "Baden-Baden"]

{[%evp 15,80,0,0,-20,0,0,0,0,0,0,0,0,0,0,0,0,0,0,0,-10,-13,-20,-8,-10,-8,-7,-8,-8,-15,-6,-7,-18,-6,-14,-14,-14,-14,-14,-14,-14,-14,-14,-14,-14,-14,-14,-14,-20,-14,-14,0,-14,0,0,0,0,0,0,0,0,0,0,0,0,0,0,0]} 1. c4 e5 2. g3 Nf6 3. Bg2 c6 4. d4 e4 5. Nc3 d5 6. Bg5 {A20: English Opening: 1...e5} (6. cxd5 cxd5 7. Nh3 Bb4 8. O-O Bxc3 9. bxc3 O-O 10. f3 exf3 11. Rxf3 h6 12. Qf1 Nbd7 {½-½ (50) Aronian,L (2785)-Anand,V (2779) Doha 2016}) 6... Bb4 7. Qb3 Bxc3+ 8. Qxc3 O-O {LiveBook: 3 Games. The position is equal.} 9. f3 dxc4 10. Bxf6 Qxf6 11. fxe4 c5 12. e5 cxd4 $146 ({Predecessor:} 12... Qf5) 13. exf6 dxc3 14. fxg7 Re8 15. bxc3 Nc6 16. Rb1 Re3 17. Kd2 Re7 18. Nf3 Bf5 19. Rb5 Rd8+ 20. Nd4 $132 {[%mdl 2048] White is fighting back} Nxd4 21. cxd4 Be4 22. Bxe4 Rxd4+ 23. Bd3 $1 Red7 24. Rhb1 cxd3 25. Rxb7 dxe2+ 26. Kxe2 $11 {[%mdl 4096] Endgame KRR-KRR} Rd2+ 27. Kf3 Rxb7 28. Rxb7 Rxa2 {KR-KR} 29. g4 Kxg7 30. Kg3 Ra3+ 31. Kh4 h6 32. Rc7 a5 {[%cal Ba7a5,Ba5a4][%mdl 32] Threatening ...a4.} 33. Ra7 a4 34. h3 Ra1 35. Ra6 a3 {[#] Threatens to win with ...a2.} 36. Kh5 a2 37. h4 Rb1 38. Rxa2 Rb5+ 39. g5 hxg5 40. hxg5 Rb1 {Precision: White = 85%, Black = 57%.} 1/2-1/2

[Event "BL 2017-18"]
[Site "Germany"]
[Date "2018.03.11"]
[Round "12"]
[White "Parligras, Mircea Emilian"]
[Black "Schroeder, Jan-Christian"]
[Result "0-1"]
[WhiteElo "2642"]
[BlackElo "2556"]
[Annotator "TA"]
[PlyCount "104"]
[EventDate "2018.05.24"]
[EventType "team-tourn"]
[EventCountry "GER"]
[SourceTitle "playchess.com"]
[Source "ChessBase"]
[SourceQuality "1"]
[WhiteTeam "Aachen"]
[BlackTeam "SV Hofheim"]

{[%evp 20,104,25,27,15,12,26,14,30,29,23,15,24,-97,-99,-109,0,0,0,-87,-64,-72,-65,-131,-131,-159,-165,-157,-164,-170,-170,-170,-170,-165,-159,-170,-166,-172,-171,-197,-195,-198,0,-189,0,-193,-190,-200,-200,-197,-184,-298,-298,-297,-296,-280,-297,-290,-273,-327,-325,-268,-298,-281,-289,-460,-454,-436,-445,-470,-480,-465,-465,-466,-456,-456,-415,-558,-550,-553,-544,-576,-550,-1013,-1005,-1010,-960]} 1. d4 d5 2. c4 e6 3. Nf3 Nf6 4. Nc3 Be7 5. Bf4 O-O 6. e3 Nbd7 7. a3 {D37: Queen's Gambit Declined: 5 Bf4} c5 8. cxd5 Nxd5 9. Nxd5 exd5 10. dxc5 Nxc5 11. Be5 {LiveBook: 149 Games} Bf6 12. Bxf6 Qxf6 13. Qd4 Qe7 {Threatens to win with ...Nb3.} 14. Rd1 Rd8 {[#]} 15. Qf4 $146 Bd7 16. Rxd5 (16. Be2 $11 {remains equal.}) 16... Ba4 $1 $17 17. Rd4 Rxd4 (17... Rac8 $1 $17 {Strongly threatening ...Ne6.} 18. Qg4 Ne4 $1 {[%mdl 512]}) 18. Nxd4 $11 Rc8 $1 19. Qg4 (19. Bc4 $11) 19... Bd7 $1 $17 {[%cal Rd7g4]} 20. Qd1 $1 Qe4 $1 21. Qc2 {[#]} (21. h3 $15) 21... Nd3+ $1 22. Qxd3 Qxd3 23. Bxd3 Rc1+ 24. Kd2 Rxh1 $19 {[%mdl 4096] Endgame KRB-KBN} 25. h3 Kf8 26. Be4 b6 27. f4 g6 28. Ne2 Ke7 29. Ng3 Rg1 30. Ne2 Rh1 31. Ng3 $1 {[%cal Rg3h1]} Rg1 32. Ne2 Rf1 33. Nd4 Rf2+ 34. Kc3 h6 35. b4 (35. b3 {keeps fighting.}) 35... g5 36. Bf3 Kd6 37. Kc4 Ra2 38. Kb3 {[#]} Ra1 $1 39. Kb2 Re1 40. Nc2 Rf1 41. Nd4 f5 42. g4 (42. fxg5 $142 hxg5 43. Bb7) 42... gxf4 43. exf4 Rf2+ 44. Kc3 Rh2 45. gxf5 Rxh3 {Hoping for ...Bc6!} 46. Kd2 Ke7 47. Ke3 {intending Kf2.} Rh2 48. Bd5 Kf6 {Black is clearly winning.} 49. Be6 Rh3+ 50. Ke4 Ba4 51. b5 Rxa3 52. Nc6 Bc2+ {Precision: White = 42%, Black = 93%.} 0-1

[Event "BL 2017-18"]
[Site "Germany"]
[Date "2018.03.11"]
[Round "12"]
[White "Volokitin, Andrei"]
[Black "van Foreest, Jorden"]
[Result "0-1"]
[WhiteElo "2639"]
[BlackElo "2631"]
[Annotator "TA"]
[PlyCount "56"]
[EventDate "2018.05.24"]
[EventType "team-tourn"]
[EventCountry "GER"]
[SourceTitle "playchess.com"]
[Source "ChessBase"]
[SourceQuality "1"]
[WhiteTeam "SV Hofheim"]
[BlackTeam "Aachen"]

{[%evp 14,56,0,0,0,0,0,0,7,7,7,3,0,0,17,10,10,0,0,-60,-53,-105,-106,-129,-114,-169,-167,-194,-193,-165,-68,-1023,-972,-1560,-1479,-1438,-1422,-1710,-1650,-5581,-2151,-29988,-29989,-29995,-29996]} 1. e4 c6 2. d4 d5 3. e5 c5 4. dxc5 e6 5. a3 (5. Nf3 Bxc5 6. Bd3 Ne7 7. O-O Ng6 8. Nbd2 Nc6 9. Nb3 Bb6 10. Qe2 Qc7 11. Re1 Bd7 12. Bd2 a5 13. c3 {1-0 (33) McShane,L (2640)-Rausis,I (2632) Katowice 2017}) 5... Bxc5 6. Nf3 {B12: Caro-Kann: Advance Variation} Ne7 7. Bd3 Ng6 8. O-O {LiveBook: 14 Games. The position is equal.} Qc7 9. b4 Be7 10. Bb2 O-O 11. g3 $146 ({Predecessor:} 11. Re1 a5 12. b5 Nd7 13. Nbd2 {½-½ (56) Craig,T (2362)-Andeer,S (2444) ICCF email 2013}) 11... a5 12. b5 Nd7 {[%cal Rd7e5,Bb8d7,Bd7c5,Bc5b3][%mdl 32]} 13. Qe2 Nc5 14. h4 f6 15. Bxg6 hxg6 16. exf6 (16. Nbd2 $11) 16... gxf6 $15 17. c4 ({Better is} 17. Nc3 $15) 17... Nb3 $1 $36 {[%mdl 2048] Black is in control.} 18. Qd3 {[#] Strongly threatening b6.} Bc5 $1 {Hoping for ...Qxg3+.} 19. Qxb3 {[#]} (19. Qxg6+ $17 {was called for.} Qg7 20. Qxg7+ Kxg7 21. Nc3) 19... Qxg3+ $1 $19 20. Kh1 Qh3+ {[%mdl 1024] Black has strong compensation.} 21. Kg1 b6 (21... dxc4 $19 22. Qd1 Kg7) 22. Qd1 $2 {[%mdl 8192]} (22. Nfd2 $15 Qg4+ 23. Kh1) 22... Bb7 23. Nh2 Bd6 {[%csl Gd6][%cal Rh3h2]} (23... Qg3+ $2 24. Kh1 $19) 24. f4 Bc5+ 25. Kh1 dxc4+ 26. Rf3 Rad8 {[%cal Rd8d1]} 27. Qe2 Rd3 28. Nd2 Rxd2 {Precision: White = 39%, Black = 78%.} 0-1

[Event "BL 2017-18"]
[Site "Germany"]
[Date "2018.03.11"]
[Round "12"]
[White "Predojevic, Borki"]
[Black "Saric, Ivan"]
[Result "0-1"]
[WhiteElo "2630"]
[BlackElo "2664"]
[Annotator "TA"]
[PlyCount "80"]
[EventDate "2018.05.24"]
[EventType "team-tourn"]
[EventCountry "GER"]
[SourceTitle "playchess.com"]
[Source "ChessBase"]
[SourceQuality "1"]
[WhiteTeam "Solingen"]
[BlackTeam "Hockenheim"]

{[%evp 24,80,19,19,22,15,40,41,26,26,35,4,12,11,10,6,9,3,10,-9,-9,-8,-7,-7,-7,-9,-10,-12,0,-106,-110,-95,-95,-135,-66,-90,-59,-69,-53,-110,-87,-95,-89,-90,-82,-218,-210,-249,-252,-251,-257,-314,-314,-661,-661,-640,-607,-726,-667]} 1. e4 c5 2. Nf3 d6 3. Bb5+ Nd7 4. d4 cxd4 5. Qxd4 a6 6. Bxd7+ Bxd7 7. O-O e5 8. Qd3 Rc8 {B51: Sicilian: Moscow Variation (3 Bb5+) without 3...Bd7} 9. Nc3 h6 (9... Qc7 10. a4 Be7 11. Rd1 h6 12. Nd2 Nf6 13. Nf1 O-O 14. Ne3 Be6 15. a5 Rfd8 {½-½ (58) Demchenko,A (2660)-Vachier Lagrave,M (2789) Riadh 2017}) 10. Nd2 {[%cal Bf3d2,Bd2f1,Bf1e3][%mdl 32]} Be6 11. Rd1 Nf6 12. Nf1 Be7 13. Ne3 {LiveBook: 7 Games} O-O 14. a4 Qb6 15. a5 $146 ({Find the theoretical novelty and annotate with similar games:} 15. Ncd5 Bxd5 16. exd5 Nd7 17. Nf5 Bf6 18. a5 {1-0 (30) Simeoni,M-Vannelli,V Vitinia 1997}) 15... Qc5 16. Bd2 {[%cal Bc1d2,Bd2b4,Bb4d6][%mdl 32]} Bd8 17. Ra3 Bxa5 18. Ncd5 Bd8 19. Bb4 Qd4 {[%cal Re6d5] ...Bxd5 is the strong threat.} 20. Bxd6 Re8 21. Qxd4 exd4 22. Rxd4 Bxd5 23. exd5 (23. Nxd5 $2 Rxc2 24. g3 Nxd5 $17) 23... Bb6 24. Rd1 Bxe3 25. Rxe3 Red8 $36 {[%mdl 2048] Black fights for an advantage.} 26. Bb4 (26. Ba3 $1 $11) 26... Rxc2 $17 ({Don't play} 26... Rxd5 $6 27. Rc1 $11) ({Of course not} 26... Nxd5 $6 27. Red3 $11) 27. d6 Rxb2 28. Ba3 {[#]} Rc2 ({Better is} 28... Ra2 $1 $17 29. Bb4 Nd7) 29. h3 b5 {Threatens to win with ...a5.} 30. Bb4 Rc4 31. Rb3 (31. Ba5 $15 Rd7 32. f3) 31... Ne4 32. Rd5 Rd7 33. f3 Ng5 34. Rd1 (34. Rdd3 $17) 34... Ne6 $19 35. Ba5 Rd4 36. Rc1 R7xd6 37. Rc8+ Kh7 38. Ra8 $2 {[#]} (38. Bb4 Rd8 39. Rxd8 Nxd8 40. Be1) 38... Ra4 {Black is clearly winning.} 39. Bb4 Rd4 40. Be7 Rd2 {Precision: White = 40%, Black = 60%.} 0-1

[Event "BL 2017-18"]
[Site "Germany"]
[Date "2018.03.11"]
[Round "12"]
[White "Oleksiyenko, Mykhaylo"]
[Black "Navara, David"]
[Result "0-1"]
[WhiteElo "2618"]
[BlackElo "2737"]
[Annotator "TA"]
[PlyCount "104"]
[EventDate "2018.05.24"]
[EventType "team-tourn"]
[EventCountry "GER"]
[SourceTitle "playchess.com"]
[Source "ChessBase"]
[SourceQuality "1"]
[WhiteTeam "Speyer"]
[BlackTeam "Muelheim"]

{[%evp 18,104,-4,-12,0,-10,-11,-43,-35,-38,-33,-41,-41,-38,-33,-34,-35,-50,-51,-99,-89,-118,-118,-105,-111,-109,-110,-114,-117,-117,-117,-116,-116,-116,-116,-116,-117,-114,-118,-126,-129,-125,-125,-125,-118,-103,-95,-90,-71,-108,-101,-108,-106,-142,-129,-159,-53,-53,-53,-59,-12,-187,-160,-173,-107,-132,-120,-123,-84,-56,-56,-56,-56,-56,-56,-5322,-4798,-1870,-1515,-29971,-29971,-29970,-29970,-29967,-29961,-29952,-6133,-6543,-6045]} 1. c4 e5 2. Nc3 Nf6 3. Nf3 Nc6 4. e3 Bb4 5. Qc2 Bxc3 6. Qxc3 Qe7 7. Be2 d5 {A28: English Opening: Four Knights Variation} 8. cxd5 (8. d4 exd4 9. Nxd4 Nxd4 10. Qxd4 c5 11. Qh4 dxc4 12. Bxc4 Be6 13. Be2 Nd5 14. Bb5+ Kf8 15. Qe4 Bd7 16. Qc4 Be6 17. Qe4 Bd7 18. Qc4 Be6 {½-½ (18) Giri,A (2775)-Aronian,L (2809) Geneva 2017}) 8... Nxd5 9. Qb3 Nb6 10. d3 {LiveBook: 9 Games} Bg4 $146 ({Predecessor:} 10... O-O 11. O-O Rd8 12. Bd2 Be6 {½-½ (12) Tarlev,K (2547)-Ghaem Maghami,E (2570) Urmia 2015}) 11. Bd2 O-O-O 12. Rc1 f5 13. h3 Bh5 14. Qa3 Qxa3 15. bxa3 Bxf3 16. gxf3 Na4 17. Rc2 Rd5 18. O-O Nc5 19. e4 Nd4 20. exd5 Nxc2 21. Rc1 Nd4 22. Rxc5 {aiming for Bd1.} Nxe2+ $17 {[%mdl 4096] Endgame KRB-KRN} 23. Kf1 b6 $1 {[%cal Rb6c5]} 24. Rc4 Nd4 25. Bc3 Rd8 26. Bxd4 exd4 27. Rxd4 {KR-KR} c5 28. Rh4 h6 29. Rc4 Rxd5 30. Ke2 Kd7 31. a4 Ke6 32. f4 Kf6 33. Ke3 Kg6 34. Rc1 Kh5 $1 35. Rb1 Kh4 $1 36. a5 {[#]} Rd6 ({And not} 36... bxa5 37. Rb7 $11) ({Inferior is} 36... Kxh3 37. axb6 axb6 38. Rxb6 $11) (36... c4 $1 $17 37. axb6 Rxd3+ 38. Ke2 axb6 39. Rxb6 Kxh3) 37. axb6 $15 axb6 38. Rg1 g6 39. Rh1 $2 {[#]} (39. a4 $1 $11 {and White stays safe.}) 39... b5 $1 $19 40. Rc1 Kxh3 (40... Rd5 $19 41. Rg1 g5) 41. Rxc5 $17 h5 {[%cal Bh6h5,Bh5h4][%mdl 32] ...Kg2 is the strong threat.} 42. d4 Kg2 {Hoping for ...h4.} 43. d5 h4 44. Rc6 Rxd5 45. Rxg6+ Kh2 {And now ...b4 would win.} 46. a4 $2 {[%mdl 8192]} (46. a3 $15) 46... bxa4 $19 47. Ra6 Rd8 48. Rxa4 Kg2 49. Ra5 Re8+ 50. Kd3 Rf8 51. Ra7 Kxf2 (51... h3 $142 52. Rg7+ Kxf2 53. Rh7 Rd8+ 54. Kc4 Kg3 55. Rg7+ Kxf4 56. Rh7 Kg3 57. Rg7+ Kf4 58. Rh7 Kg3 59. Rg7+ Kf2 60. Rh7 Kg2 61. Rg7+ Kh1 62. Rf7 h2 63. Rxf5 Rg8 64. Rh5 Kg1 65. Rh4 h1=Q 66. Rxh1+ Kxh1 67. Kd5 Kg2 68. Kc6 Rg6+ 69. Kd5 Kf3 70. Ke5 Rg5+ 71. Kf6 Kf4 72. Ke6 Ra5 73. Kd6 Kf5 74. Kc6 Ke6 75. Kb6 Rh5 76. Kc6 Ke7 77. Kc7 Rh6 78. Kb8 Kd6 79. Kc8 Kc6 80. Kb8 Rh8+ 81. Ka7 Rg8 82. Ka6 Ra8#) 52. Kd4 Re8 {Precision: White = 54%, Black = 72%.} 0-1